| 000 | 00726cam a22002651 4500 | ||
|---|---|---|---|
| 999 |
_c173343 _d173343 |
||
| 001 | 7013984 | ||
| 003 | Nust | ||
| 005 | 20180723064104.0 | ||
| 008 | 750708s1959 xx 000 0 eng | ||
| 010 | _a 59011154 | ||
| 020 |
_a9788129102874 _cRs. 260 |
||
| 035 | _a(OCoLC)1435457 | ||
| 038 | _aArshad | ||
| 040 |
_aDLC _cFO _dOCoLC _dOBgU _dDLC |
||
| 050 | 0 | 0 |
_aPZ4.C388 _bSe2 _aPR6053.E3 |
| 082 |
_a823.91 _bCEC |
||
| 100 | 1 |
_aCecil, Henry, _d1902-1976. _911931 |
|
| 245 | 1 | 0 | _aSettled out of court. |
| 250 | _a[1st American ed.] | ||
| 260 |
_aNew York, _bHarper _c1959 |
||
| 300 |
_a198 p. _c22 cm. |
||
| 655 | 7 |
_aLegal stories. _2gsafd _9935 |
|
| 906 |
_a7 _bcbc _coclcrpl _du _encip _f19 _gy-gencatlg |
||
| 942 |
_2ddc _cBK |
||